| 000 | 00506nam a22001937a 4500 | ||
|---|---|---|---|
| 003 | NUST | ||
| 005 | 20231020164501.0 | ||
| 008 | 161124s9999 xx 000 0 und d | ||
| 020 | _a0-8493-7234-8 | ||
| 041 | _aEnglish | ||
| 082 |
_a624.1762 _bCHE |
||
| 100 |
_aChen .W.F _9118520 |
||
| 245 | _aEarthquake Engineering for Structural Design | ||
| 260 |
_aLondon _bTaylor Press _c2006 |
||
| 300 | _a5.55 +index | ||
| 505 | _aEarthquake Engineering | ||
| 650 | _aEarthquake Engineering | ||
| 942 |
_cBK _2ddc |
||
| 999 |
_c30679 _d30679 |
||